000 00710nam a2200253Ia 4500
008 160303s9999 xx 000 0 und d
020 _a978-1-4180-1649-4
050 _aMAIN G 154
050 _b.G67 2007
100 _aGorham, Ginger
245 _aTravel perspectives :
245 _ba guide to becoming a travel professional /
245 _cGinger Gorham, Susan Rice.
250 _a4th Edition
260 _aNew York :
260 _bThomson Delmar Learning.
260 _c2007
300 _a366 pages :
300 _bcolor illustrations ;
300 _c28 cm.
500 _aIncludes bibliographical references and index.
650 _aTravel agents --
650 _xVocational guidance.
999 _c291105
_d291105